Statistics for World Rugby - 120 or more international Appearances

Click here to take the quiz!

General Stats

  • This quiz has been taken 81 times
    (29 since last reset)
  • The average score is 8 of 16

Answer Stats

CapsCountryPlayer% Correct
148New ZealandRichie McCaw
93%
149Wales/LionsAlun Wyn Jones
89%
141Ireland/LionsBrian O'Driscoll
85%
139AustraliaGeorge Gregan
70%
142ItalySergio Parisse
63%
127South AfricaVictor Matfield
59%
132New ZealandKeven Mealamu
56%
127New ZealandKieran Read
56%
130Ireland/LionsRonan O'Gara
48%
124South AfricaBryan Habana
41%
134Wales/LionsGethin Jenkins
37%
124IrelandRory Best
37%
129AustraliaStephen Moore
30%
121AustraliaAdam Ashley-Cooper
22%
124RomaniaFlorin Vlaicu
4%
122GeorgiaDavit Kacharava
0%

Score Distribution

Percentile by Number Answered

Percent of People with Each Score

Your Score History

You have not taken this quiz since the last reset